书目信息 |
| 题名: |
化学方法论
|
|
| 作者: | 王后雄 编著 | |
| 分册: | ||
| 出版信息: | 长沙 中南大学出版社 2003 |
|
| 页数: | 386页 | |
| 开本: | 20cm | |
| 丛书名: | 教与学方法丛书 | |
| 单 册: | ||
| 中图分类: | O6-0 | |
| 科图分类: | ||
| 主题词: | 化学--方法论 | |
| 电子资源: | ||
| ISBN: | 7-81061-576-9 | |
| 000 | 00774oam2 2200241 45 | |
| 001 | 002314559 | |
| 005 | 20050401113244.8 | |
| 010 | @a7-81061-576-9@dCNY22.00 | |
| 100 | @a20030303d2003 em y0chiy0110 ea | |
| 101 | 0 | @achi |
| 102 | @aCN@b430000 | |
| 105 | @ay z 000yy | |
| 200 | 1 | @a化学方法论@Ahua xue fang fa lun@f王后雄编著@FWang Hou Xiong Bian Zhu |
| 210 | @a长沙@c中南大学出版社@d2003 | |
| 215 | @a386页@d20cm | |
| 225 | 2 | @a教与学方法丛书 |
| 330 | @a化学方法论是学习方法论的一个重要分支。本书从三个层面论述:自然科学的一般方法、化学学科的专门方法、解决化学问题的特定方法和技巧。 | |
| 410 | @12001 @a教与学方法丛书 | |
| 606 | 0 | @a化学@x方法论 |
| 690 | @aO6-0@v4 | |
| 701 | 0 | @a王后雄@4编著 |
| 801 | 0 | @aCN@bNLC@c20030605 |
| 905 | @b347175-179@dO6-0@e278@f5 | |
| 化学方法论/王后雄编著.-长沙:中南大学出版社,2003 |
| 386页;20cm.-(教与学方法丛书) |
| ISBN 7-81061-576-9:CNY22.00 |
| 化学方法论是学习方法论的一个重要分支。本书从三个层面论述:自然科学的一般方法、化学学科的专门方法、解决化学问题的特定方法和技巧。 |
| ● |
| 相关链接 |
|
|
|
|
正题名:化学方法论
索取号:O6-0/278
 
预约/预借
| 序号 | 登录号 | 条形码 | 馆藏地/架位号 | 状态 | 备注 |
| 1 | 0347175 | 203471750 | 第二样本阅览室/ [索取号:O6-0/278] | 在馆 | |
| 2 | 0347176 | 203471769 | 第三借阅区/ [索取号:O6-0/278] | 在馆 | |
| 3 | 0347177 | 203471778 | 第三借阅区/ [索取号:O6-0/278] | 在馆 | |
| 4 | 0347178 | 203471787 | 第三借阅区/ [索取号:O6-0/278] | 在馆 | |
| 5 | 0347179 | 203471796 | 第三借阅区/ [索取号:O6-0/278] | 在馆 |